Statistics for Top 10 NBA 2017 Players By Position

Click here to take the quiz!

General Stats

  • This quiz has been taken 358 times
    (52 since last reset)
  • The average score is 28 of 60

Answer Stats

Postion Player % Correct
PGStephen Curry
97%
PGRussell Westbrook
94%
PGKyrie Irving
94%
PGChris Paul
91%
PGJames Harden
85%
SFLeBron James
79%
SGKlay Thompson
76%
PGDamian Lillard
74%
SFKevin Durant
71%
CKarl-Anthony Towns
71%
PGJohn Wall
68%
PFAnthony Davis
65%
SFGiannis Antetokounmpo
65%
CJoel Embiid
62%
CDeMarcus Cousins
59%
SGDevin Booker
59%
SFPaul George
59%
SGDeMar DeRozan
59%
SGBradley Beal
56%
PGKyle Lowry
56%
SFJimmy Butler
56%
HCSteve Kerr
53%
SFKawhi Leonard
53%
PFDraymond Green
53%
CMarc Gasol
53%
PGKemba Walker
53%
CNikola Jokic
53%
SGCJ McCollum
47%
HCGregg Popovich
47%
PGIsaiah Thomas
44%
PFBlake Griffin
44%
SFCarmelo Anthony
41%
PFKevin Love
41%
HCBrad Stevens
41%
CRudy Gobert
41%
PFLaMarcus Aldridge
41%
PFKristaps Porzingis
41%
CAl Horford
41%
CHassan Whiteside
38%
PFJabari Parker
38%
CDwight Howard
38%
SFAndrew Wiggins
38%
CDeAndre Jordan
38%
SFGordon Hayward
35%
PFPaul Millsap
35%
HCMike D'Antoni
29%
SGDwyane Wade
29%
HCErik Spoelstra
21%
SFHarrison Barnes
18%
HCJason Kidd
18%
SGNicolas Batum
15%
SGKentavious Caldwell-Pope
15%
SGAvery Bradley
15%
HCQuin Snyder
15%
PFSerge Ibaka
12%
HCScott Brooks
12%
HCDavid Fizdale
12%
HCMike Budenholzer
12%
SGPatrick Beverley
6%
PFRyan Anderson
3%

Score Distribution

Percentile by Number Answered

Percent of People with Each Score

Your Score History

You have not taken this quiz since the last reset